00883nac a22002537a 4500001001000000003000900010005001700019008003400036040005400070072000800124100002000132100002100152110007600173245007400249246007500323260003400398300000900432490010900441650001600550650001800566650001000584650001400594650002100608BR8600984BR-BrBNA20240105120402.0230509b bl.|||m| |||| 00| 0 por d aBR-BrBNAbporcBiblioteca Nacional de Agricultura aH201 aPereira, J.C.R.1 aSantos, A.F. dos1 aCentro Nacional de Pesquisa da Seringueira e Dende, Manaus, AM (Brasil)1 aControle quimico do mojo-cinzento do painel de sangria da seringueira1 a[Chemical control of gray mould of the bleeding panel of rubber plant]3 aManaus, AM (Brasil): c1985.  a4 p. aComunicado Tecnico - Centro Nacional de Pesquisa da Seringueira e Dende (Brazil)vno. 46xISSN 0101-2118 aSERINGUEIRA aMOFO CINZENTO aFUNGO aFUNGICIDA aCONTROLE QUIMICO